[Event "Titled Tuesday intern op 02nd Apr Early"]
[Site "Chess.com INT"]
[Date "2024.04.02"]
[Round "10"]
[White "Domingo Nunez, Ruben"]
[Black "Sielecki, Christof"]
[Result "0-1"]
[WhiteElo "2442"]
[BlackElo "2403"]
[PlyCount "52"]
[EventDate "2024.04.02"]
[EventType "swiss (blitz)"]
[EventRounds "11"]
[EventCountry "USA"]
[SourceTitle "CB15_2024"]
[SourceDate "2024.04.10"]
[SourceVersion "1"]
[SourceVersionDate "2024.04.10"]
[SourceQuality "1"]

1. Nc3 d5 2. d4 Nf6 3. Bf4 a6 4. f3 c5 5. e3 Nc6 6. Qd2 e6 7. h4 b5 8. h5 h6 9. Nge2 Bd6 10. g4 e5 11. dxe5 Nxe5 12. Bxe5 Bxe5 13. 0-0-0 Bb7 14. Rg1 b4 15. Na4 Qa5 16. b3 Bc6 17. g5 Bxa4 18. gxf6 Bc6 19. a4 Bxf6 20. Nf4 Rd8 21. Qd3 c4 22. Qf5 cxb3 23. cxb3 Qc5+ 24. Bc4 Qxe3+ 25. Kb1 Qc3 26. Rg2 0-0 0-1

[Event "Titled Tuesday intern op 02nd Apr Early"]
[Site "Chess.com INT"]
[Date "2024.04.02"]
[Round "5"]
[White "Rakotomaharo, Fy Antenaina"]
[Black "Sielecki, Christof"]
[Result "1/2-1/2"]
[WhiteElo "2448"]
[BlackElo "2403"]
[PlyCount "84"]
[EventDate "2024.04.02"]
[EventType "swiss (blitz)"]
[EventRounds "11"]
[EventCountry "USA"]
[SourceTitle "CB15_2024"]
[SourceDate "2024.04.10"]
[SourceVersion "1"]
[SourceVersionDate "2024.04.10"]
[SourceQuality "1"]

1. e4 c5 2. Nf3 a6 3. c3 d5 4. exd5 Qxd5 5. d4 e6 6. Be3 Nd7 7. c4 Qd6 8. Nc3 Ngf6 9. Be2 b6 10. 0-0 Bb7 11. Qc2 cxd4 12. Nxd4 Qc7 13. Rad1 Bd6 14. h3 Bf4 15. Ndb5 Bh2+ 16. Kh1 axb5 17. Nxb5 Qb8 18. f4 Bg3 19. Nd6+ Kf8 20. Nxb7 Qxb7 21. Bf3 Qb8 22. Bxa8 Qxa8 23. Rf3 Bh4 24. Bd4 h5 25. Ra3 Qc6 26. Bxf6 gxf6 27. Ra7 Nc5 28. Rd8+ Kg7 29. Rxh8 Kxh8 30. Rxf7 Ne4 31. b4 Kg8 32. Ra7 Bg3 33. Kg1 Qd6 34. Qb1 Qd4+ 35. Kh1 Nf2+ 36. Kg1 Ne4+ 37. Kh1 Bxf4 38. c5 Ng3+ 39. Kh2 Ne2+ 40. Kh1 Ng3+ 41. Kh2 Nf1+ 42. Kh1 Ng3+ 1/2-1/2

[Event "Titled Tuesday intern op 09th Jan Early"]
[Site "Chess.com INT"]
[Date "2024.01.09"]
[Round "8"]
[White "Kjartansson, David"]
[Black "Sielecki, Christof"]
[Result "1/2-1/2"]
[WhiteElo "2286"]
[BlackElo "2410"]
[PlyCount "89"]
[EventDate "2024.01.09"]
[EventType "swiss (blitz)"]
[EventRounds "11"]
[EventCountry "USA"]
[SourceTitle "CB03_2024"]
[SourceDate "2024.01.17"]
[SourceVersion "1"]
[SourceVersionDate "2024.01.17"]
[SourceQuality "1"]

1. e4 c5 2. Nc3 a6 3. g3 b5 4. d3 Bb7 5. Bg2 e6 6. Nh3 Be7 7. 0-0 d6 8. f4 Nc6 9. Ne2 h5 10. c3 Nf6 11. Nf2 d5 12. e5 Nd7 13. d4 g6 14. Be3 a5 15. a3 c4 16. h4 Nb6 17. Qd2 Kd7 18. Nh3 Kc7 19. Ng5 Rf8 20. Bh3 Bxg5 21. fxg5 Ne7 22. Rf6 Nd7 23. Nf4 Nxf6 24. exf6 Nf5 25. Bxf5 exf5 26. Ng2 Re8 27. Bf4+ Kb6 28. Be5 Qd7 29. Re1 Bc6 30. Nf4 Qb7 31. Bd6 Rxe1+ 32. Qxe1 Re8 33. Be7 Qc7 34. Kf2 Kb7 35. Qe3 Qd7 36. Qe5 Qc7 37. Ke3 Qd7 38. Kd2 Kc8 39. Qe3 Kb7 40. Qe5 Qc7 41. Ke3 Kc8 42. Kd2 Kd7 43. Ke3 Kc8 44. Kd2 Kb7 45. Ke3 1/2-1/2

[Event "Titled Tuesday intern op 09th Jan Early"]
[Site "Chess.com INT"]
[Date "2024.01.09"]
[Round "9"]
[White "Sielecki, Christof"]
[Black "Lopez Idarraga, Daniel Eduardo"]
[Result "0-1"]
[WhiteElo "2410"]
[BlackElo "2030"]
[PlyCount "64"]
[EventDate "2024.01.09"]
[EventType "swiss (blitz)"]
[EventRounds "11"]
[EventCountry "USA"]
[SourceTitle "CB03_2024"]
[SourceDate "2024.01.17"]
[SourceVersion "1"]
[SourceVersionDate "2024.01.17"]
[SourceQuality "1"]

1. d4 d5 2. Nf3 Nf6 3. g3 Bf5 4. c4 c6 5. Nc3 e6 6. Qb3 Qb6 7. c5 Qxb3 8. axb3 Nbd7 9. b4 Be7 10. b5 a5 11. b4 a4 12. b6 Bc2 13. Bf4 0-0 14. e3 Ne4 15. Nxe4 dxe4 16. Nd2 a3 17. Nc4 a2 18. Kd2 Bb1 19. Be2 Ra4 20. Kc3 Nf6 21. Kb3 Rfa8 22. Na5 Rxb4+ 23. Kxb4 Nd5+ 24. Kb3 Rxa5 25. Bc7 f5 26. Bc4 Bf6 27. Rd1 Rxc5 28. Bxd5 exd5 29. Kb4 Rb5+ 30. Kc3 Be7 31. Kd2 Bb4+ 32. Ke2 Bc3 0-1

[Event "EU-ch Rapid"]
[Site "Zagreb"]
[Date "2023.12.14"]
[Round "4"]
[White "Schoppen, Casper"]
[Black "Sielecki, Christof"]
[Result "1-0"]
[WhiteElo "2537"]
[BlackElo "2410"]
[PlyCount "139"]
[EventDate "2023.12.14"]
[EventType "swiss (rapid)"]
[EventRounds "11"]
[EventCountry "CRO"]
[SourceTitle "CB51_2023"]
[SourceDate "2023.12.20"]
[SourceVersion "1"]
[SourceVersionDate "2023.12.20"]
[SourceQuality "1"]

1. d4 d5 2. c4 e6 3. Nf3 Nf6 4. g3 dxc4 5. Bg2 c5 6. 0-0 Nc6 7. dxc5 Qxd1 8. Rxd1 Bxc5 9. Nbd2 c3 10. bxc3 0-0 11. Nb3 Be7 12. c4 Bd7 13. Bb2 Rfc8 14. c5 Be8 15. Rac1 a5 16. Nbd4 Nb4 17. a3 Nbd5 18. e4 Nxe4 19. c6 bxc6 20. Ne5 Nc5 21. Rc2 Na4 22. Ba1 c5 23. Nf5 Bf8 24. Nc4 Ra6 25. Nfe3 Nxe3 26. fxe3 Bc6 27. Bxc6 Raxc6 28. Nxa5 Ra6 29. Nc4 Nb6 30. Bb2 Nxc4 31. Rxc4 Rb8 32. Rd2 Rab6 33. Bc1 Rb1 34. Kf2 f6 35. Ke2 e5 36. e4 Kf7 37. Kd3 Ke6 38. Kc2 R1b6 39. g4 g6 40. Rd3 Rd6 41. Rxd6+ Bxd6 42. Be3 Kd7 43. Bd2 Kc6 44. Rc3 Ra8 45. Rf3 Be7 46. Rh3 c4 47. Rxh7 Bxa3 48. Rf7 Rf8 49. Rxf8 Bxf8 50. Kc3 Kb5 51. h4 Kc5 52. Bc1 Bg7 53. Ba3+ Kb5 54. Be7 Kc6 55. g5 fxg5 56. hxg5 Kb5 57. Ba3 Ka4 58. Bd6 Kb5 59. Be7 Kc6 60. Kxc4 Kd7 61. Bb4 Ke6 62. Kb5 Kf7 63. Kc6 Ke6 64. Kc7 Kf7 65. Kd7 Bh8 66. Kd6 Bg7 67. Kd5 Bh8 68. Bc5 Bg7 69. Bd6 Ke8 70. Ke6 1-0

[Event "I'M Not A GM Gp-B"]
[Site "Chess.com INT"]
[Date "2023.10.12"]
[Round "1.4"]
[White "Royal, Shreyas"]
[Black "Sielecki, Christof"]
[Result "1-0"]
[WhiteElo "2407"]
[BlackElo "2416"]
[PlyCount "131"]
[EventDate "2023.10.12"]
[EventType "tourn (blitz)"]
[EventRounds "3"]
[EventCountry "USA"]
[EventCategory "4"]
[SourceTitle "Mega2024 Update 01"]
[Source "Chessbase"]
[SourceDate "2023.11.12"]
[SourceVersion "1"]
[SourceVersionDate "2023.11.12"]
[SourceQuality "1"]

1. d4 d5 2. c4 e6 3. Nc3 Nf6 4. cxd5 exd5 5. Bg5 c6 6. e3 h6 7. Bh4 Be7 8. Bd3 0-0 9. Bg3 Re8 10. Nf3 c5 11. dxc5 Bxc5 12. 0-0 Nc6 13. Ne2 Bb6 14. h3 Ne4 15. Bf4 Nc5 16. Ned4 Nxd4 17. Nxd4 Nxd3 18. Qxd3 Bxd4 19. Qxd4 Be6 20. Rac1 Qa5 21. a3 Rac8 22. Be5 f6 23. Bd6 Rc4 24. Rxc4 dxc4 25. Bb4 Qb6 26. Rd1 Qxd4 27. Rxd4 Kf7 28. e4 g5 29. f3 Rc8 30. Kf2 Rc7 31. Rd8 b6 32. Ke3 Rd7 33. Rf8+ Kg7 34. Ra8 f5 35. Bc3+ Kg6 36. exf5+ Bxf5 37. Rf8 Bc2 38. g4 Rd3+ 39. Kf2 Bd1 40. Rf6+ Kh7 41. Rf7+ Kg8 42. Rxa7 Bxf3 43. Rg7+ Kf8 44. Rg6 Be4 45. Rxh6 Rf3+ 46. Ke2 Rg3 47. a4 Bc2 48. Rxb6 Bxa4 49. Rh6 Bc2 50. Bf6 Rb3 51. Kd2 Be4 52. Bc3 Rb5 53. Ke3 Bd3 54. Kd4 Kf7 55. Rh5 Bg6 56. Rh8 Bd3 57. h4 gxh4 58. Rxh4 Kg6 59. Ke3 Rb8 60. Kf4 Rf8+ 61. Kg3 Be4 62. Rh5 Rf3+ 63. Kh4 Rf4 64. Rg5+ Kh6 65. Re5 Bf3 66. Bd2 1-0

[Event "I'M Not A GM Gp-B"]
[Site "Chess.com INT"]
[Date "2023.10.12"]
[Round "1.5"]
[White "Sielecki, Christof"]
[Black "Royal, Shreyas"]
[Result "1/2-1/2"]
[WhiteElo "2416"]
[BlackElo "2407"]
[PlyCount "50"]
[EventDate "2023.10.12"]
[EventType "tourn (blitz)"]
[EventRounds "3"]
[EventCountry "USA"]
[EventCategory "4"]
[SourceTitle "Mega2024 Update 01"]
[Source "Chessbase"]
[SourceDate "2023.11.12"]
[SourceVersion "1"]
[SourceVersionDate "2023.11.12"]
[SourceQuality "1"]

1. Nf3 d5 2. e3 c5 3. b3 Nf6 4. Bb2 e6 5. c4 Nc6 6. cxd5 exd5 7. Bb5 Bd7 8. 0-0 a6 9. Bxc6 Bxc6 10. d4 Bd6 11. dxc5 Bxc5 12. Nc3 0-0 13. Ne2 Qe7 14. Bd4 Bd6 15. Ng3 Bd7 16. Bxf6 Qxf6 17. Qxd5 Bc6 18. Qg5 Qb2 19. Nf5 Ba3 20. N3d4 g6 21. Qf6 gxf5 22. Qg5+ Kh8 23. Qf6+ Kg8 24. Qg5+ Kh8 25. Qf6+ Kg8 1/2-1/2

[Event "Titled Tuesday intern op 06th Jun Early"]
[Site "Chess.com INT"]
[Date "2023.06.06"]
[Round "1"]
[White "Georg, Heinz"]
[Black "Sielecki, Christof"]
[Result "0-1"]
[WhiteElo "2118"]
[BlackElo "2421"]
[PlyCount "70"]
[EventDate "2023.06.06"]
[EventType "swiss (blitz)"]
[EventRounds "11"]
[EventCountry "USA"]
[SourceTitle "EXT 2024"]
[Source "ChessBase"]
[SourceDate "2023.10.10"]
[SourceVersion "1"]
[SourceVersionDate "2023.10.10"]
[SourceQuality "1"]

1. e4 c5 2. Nf3 a6 3. c4 Nc6 4. Nc3 e5 5. d3 d6 6. Nd5 h6 7. Be2 Nf6 8. 0-0 Nxd5 9. cxd5 Ne7 10. b4 cxb4 11. d4 Ng6 12. dxe5 dxe5 13. Bb2 Bd6 14. Nd2 b5 15. Bh5 Nf4 16. Bg4 0-0 17. Bxc8 Rxc8 18. Nf3 Qe7 19. g3 Ng6 20. h4 Rfe8 21. Rc1 Rc4 22. Nd2 Rec8 23. Nxc4 bxc4 24. Qa4 Qb7 25. h5 Nf8 26. f4 Nd7 27. fxe5 Bxe5 28. Bxe5 Nxe5 29. Rf5 f6 30. Rxe5 fxe5 31. Rxc4 Qb6+ 32. Kg2 Rxc4 33. Qe8+ Kh7 34. Qxe5 Rc2+ 35. Kh3 Qf6 0-1

[Event "Titled Tuesday intern op 23rd May Early"]
[Site "Chess.com INT"]
[Date "2023.05.23"]
[Round "5"]
[White "Sielecki, Christof"]
[Black "Doluhanova, Evgeniya"]
[Result "1-0"]
[WhiteElo "2419"]
[BlackElo "2275"]
[PlyCount "69"]
[EventDate "2023.05.23"]
[EventType "swiss (blitz)"]
[EventRounds "11"]
[EventCountry "USA"]
[SourceTitle "CBM 214 Extra"]
[Source "ChessBase"]
[SourceDate "2023.07.31"]
[SourceVersion "1"]
[SourceVersionDate "2023.07.31"]
[SourceQuality "1"]

1. e4 c5 2. Nf3 d6 3. Bb5+ Nd7 4. c3 a6 5. Ba4 b5 6. Bc2 g6 7. d4 Bg7 8. 0-0 Bb7 9. Re1 e5 10. d5 Ne7 11. a4 0-0 12. Na3 Qb6 13. Be3 h6 14. Nd2 f5 15. f3 fxe4 16. fxe4 Nf6 17. Rf1 g5 18. b4 Nd7 19. Nb3 Rxf1+ 20. Qxf1 Rf8 21. Qe2 bxa4 22. bxc5 dxc5 23. Nd2 Qb2 24. Qe1 Qxc3 25. Ndc4 Qxe1+ 26. Rxe1 Nf6 27. Bxc5 Re8 28. Nd6 Rb8 29. Rb1 Nexd5 30. exd5 Nxd5 31. Rxb7 Rd8 32. Bxa4 Nf4 33. Bb3+ Kh8 34. Nf7+ Kh7 35. Nxd8 1-0

[Event "Titled Tuesday intern op 23rd May Early"]
[Site "Chess.com INT"]
[Date "2023.05.23"]
[Round "7"]
[White "Sielecki, Christof"]
[Black "Kirillov, Dmitry1111"]
[Result "1-0"]
[WhiteElo "2419"]
[BlackElo "2179"]
[PlyCount "165"]
[EventDate "2023.05.23"]
[EventType "swiss (blitz)"]
[EventRounds "11"]
[EventCountry "USA"]
[SourceTitle "CBM 214 Extra"]
[Source "ChessBase"]
[SourceDate "2023.07.31"]
[SourceVersion "1"]
[SourceVersionDate "2023.07.31"]
[SourceQuality "1"]

1. e4 c6 2. d4 d5 3. exd5 cxd5 4. Bd3 Nc6 5. c3 Nf6 6. h3 g6 7. Nf3 Bg7 8. 0-0 0-0 9. Re1 Bf5 10. Bf1 Rc8 11. Bf4 Qb6 12. Qb3 Rfe8 13. Nbd2 Na5 14. Qa3 Ne4 15. Nxe4 Bxe4 16. Ng5 Bh6 17. f3 Bf5 18. Rxe7 Bf8 19. Rxe8 Rxe8 20. Qa4 Nc6 21. Qb3 h6 22. Nxf7 Qxb3 23. axb3 Kxf7 24. b4 a6 25. b5 axb5 26. Bxb5 g5 27. Bg3 Rd8 28. h4 Bd6 29. Bxd6 Rxd6 30. hxg5 hxg5 31. Kf2 g4 32. fxg4 Bxg4 33. Kg3 Bd7 34. Rh1 Rg6+ 35. Kf2 Rf6+ 36. Ke3 Re6+ 37. Kd2 Ke7 38. Bd3 Kd6 39. b4 Rf6 40. Ke3 Ne7 41. Rh7 Bf5 42. Rh8 Bxd3 43. Kxd3 Rg6 44. Rh2 Nf5 45. Kc2 Rg3 46. Kb2 Ne3 47. Rh6+ Kc7 48. Rh7+ Kb6 49. Kb3 Nd1 50. Rh5 Nxc3 51. Kc2 Rxg2+ 52. Kxc3 Rg3+ 53. Kc2 Rg2+ 54. Kb3 Kc6 55. Ka4 Ra2+ 56. Kb3 Rd2 57. Kc3 Rg2 58. Rh3 Rg5 59. Kb3 Kb5 60. Rc3 b6 61. Rd3 Rg4 62. Kc3 Rg1 63. Rh3 Rc1+ 64. Kb3 Rc4 65. Rh5 Rxb4+ 66. Kc3 Rc4+ 67. Kd3 Kc6 68. Rh6+ Kb5 69. Rd6 Rc6 70. Rxd5+ Kb4 71. Rd8 b5 72. d5 Rh6 73. Kd4 Rh4+ 74. Ke5 Kc3 75. d6 b4 76. d7 Kb2 77. Rb8 Rh5+ 78. Kd4 Rh4+ 79. Kc5 Rh5+ 80. Kxb4 Rd5 81. d8Q Rxd8 82. Rxd8 Kc2 83. Rd7 1-0

[Event "Titled Tuesday intern op 23rd May Early"]
[Site "Chess.com INT"]
[Date "2023.05.23"]
[Round "2"]
[White "Sielecki, Christof"]
[Black "Svane, Frederik"]
[Result "0-1"]
[WhiteElo "2419"]
[BlackElo "2600"]
[PlyCount "102"]
[EventDate "2023.05.23"]
[EventType "swiss (blitz)"]
[EventRounds "11"]
[EventCountry "USA"]
[SourceTitle "CBM 214 Extra"]
[Source "ChessBase"]
[SourceDate "2023.07.31"]
[SourceVersion "1"]
[SourceVersionDate "2023.07.31"]
[SourceQuality "1"]

1. e4 e6 2. d4 d5 3. Nd2 Be7 4. Bd3 Nf6 5. e5 Nfd7 6. Qg4 0-0 7. Ndf3 f5 8. Qh3 c5 9. c3 Nc6 10. a3 b5 11. Ne2 b4 12. axb4 cxb4 13. g4 bxc3 14. bxc3 Nb6 15. gxf5 exf5 16. Rg1 g6 17. Ng5 Bxg5 18. Bxg5 Qe8 19. Bf4 Nd8 20. Qg3 Ne6 21. h4 Kh8 22. Bh6 Rg8 23. Nf4 a5 24. Nxe6 Bxe6 25. Bg5 Nd7 26. Kd2 Rb8 27. Rab1 a4 28. Rxb8 Qxb8 29. Rb1 Qc7 30. Bb5 Rb8 31. Bxd7 Bxd7 32. Rxb8+ Qxb8 33. e6 Qb2+ 34. Kd1 Qb1+ 35. Ke2 Qe4+ 36. Qe3 Bxe6 37. Qxe4 dxe4 38. Be7 Kg7 39. Ke3 Kf7 40. Bd6 h6 41. Kf4 Kf6 42. Be5+ Kf7 43. Bd6 Bb3 44. Bb4 Ke6 45. Ke3 g5 46. hxg5 hxg5 47. f4 exf3 48. Kxf3 Bd5+ 49. Kf2 f4 50. Ba3 Kf5 51. Bb4 g4 0-1

[Event "Titled Tuesday intern op 23rd May Early"]
[Site "Chess.com INT"]
[Date "2023.05.23"]
[Round "6"]
[White "Vitiugov, Nikita"]
[Black "Sielecki, Christof"]
[Result "1-0"]
[WhiteElo "2724"]
[BlackElo "2419"]
[PlyCount "89"]
[EventDate "2023.05.23"]
[EventType "swiss (blitz)"]
[EventRounds "11"]
[EventCountry "USA"]
[SourceTitle "CBM 214 Extra"]
[Source "ChessBase"]
[SourceDate "2023.07.31"]
[SourceVersion "1"]
[SourceVersionDate "2023.07.31"]
[SourceQuality "1"]

1. e4 c5 2. Nf3 a6 3. c3 d5 4. exd5 Qxd5 5. d4 e6 6. Be3 Nd7 7. c4 Qc6 8. Nc3 Ngf6 9. Be2 b6 10. d5 exd5 11. cxd5 Qc7 12. 0-0 Bd6 13. a4 0-0 14. h3 Re8 15. Re1 Bb7 16. Bc4 Ne5 17. Nxe5 Bxe5 18. Qb3 Bd4 19. Rad1 Bxe3 20. Rxe3 Rxe3 21. fxe3 Qd6 22. e4 Nd7 23. Be2 Ne5 24. Rf1 Bc8 25. Nd1 Bd7 26. Qa3 h6 27. Nf2 Qb8 28. Rc1 Qd6 29. a5 Bb5 30. Bd1 Nc4 31. Qc3 Nxa5 32. e5 Qxd5 33. Bf3 Qd8 34. Rd1 Qe8 35. Bxa8 Qxa8 36. Ng4 Nc6 37. Rd6 Nd4 38. Qe3 Bc6 39. Nxh6+ gxh6 40. Rxh6 Ne6 41. Qg3+ Ng7 42. Rd6 Be4 43. Qg5 Kh7 44. Qh4+ Kg8 45. Rd8+ 1-0

[Event "Titled Tuesday intern op 25th Apr Early"]
[Site "Chess.com INT"]
[Date "2023.04.25"]
[Round "11"]
[White "Goldin, Roman"]
[Black "Sielecki, Christof"]
[Result "0-1"]
[WhiteElo "2319"]
[BlackElo "2419"]
[PlyCount "78"]
[EventDate "2023.04.25"]
[EventType "swiss (blitz)"]
[EventRounds "11"]
[EventCountry "USA"]
[SourceTitle "EXT 2024"]
[Source "ChessBase"]
[SourceDate "2023.10.10"]
[SourceVersion "1"]
[SourceVersionDate "2023.10.10"]
[SourceQuality "1"]

1. e4 c5 2. Nf3 a6 3. c3 d5 4. exd5 Qxd5 5. d4 e6 6. Be2 cxd4 7. cxd4 Nc6 8. Nc3 Qd6 9. 0-0 Nf6 10. Be3 Be7 11. a3 0-0 12. b4 b5 13. Qb3 Bb7 14. Rad1 Rfd8 15. d5 exd5 16. Nd4 g6 17. Rfe1 Rac8 18. g3 Qb8 19. Bf4 Qa8 20. Nxc6 Bxc6 21. Rd4 Re8 22. Bf3 Bf8 23. Qd1 Rxe1+ 24. Qxe1 Bg7 25. Qe7 Re8 26. Qc5 Ne4 27. Bxe4 dxe4 28. Rd6 Bb7 29. Nd5 Bxd5 30. Rxd5 Rc8 31. Qd6 e3 32. Bxe3 h5 33. h4 Qc6 34. Qxc6 Rxc6 35. Bc5 Bb2 36. Rd8+ Kg7 37. Rd3 a5 38. Rb3 Bf6 39. Rd3 a4 0-1

[Event "Titled Tuesday intern op 25th Apr Early"]
[Site "Chess.com INT"]
[Date "2023.04.25"]
[Round "3"]
[White "Sielecki, Christof"]
[Black "Gonzalez Zamora, Juan Carlos"]
[Result "1-0"]
[WhiteElo "2419"]
[BlackElo "2484"]
[PlyCount "69"]
[EventDate "2023.04.25"]
[EventType "swiss (blitz)"]
[EventRounds "11"]
[EventCountry "USA"]
[SourceTitle "EXT 2024"]
[Source "ChessBase"]
[SourceDate "2023.10.10"]
[SourceVersion "1"]
[SourceVersionDate "2023.10.10"]
[SourceQuality "1"]

1. e4 d6 2. d4 Nf6 3. Nc3 e5 4. Nf3 Nbd7 5. Rg1 exd4 6. Nxd4 Nc5 7. Qe2 Be7 8. Bf4 Ne6 9. Nxe6 Bxe6 10. 0-0-0 0-0 11. g4 Nd7 12. g5 Re8 13. h4 Bf8 14. h5 a6 15. Kb1 b5 16. Qf3 Qe7 17. Bh3 b4 18. Nd5 Bxd5 19. exd5 Ne5 20. Qg3 g6 21. h6 f6 22. Be6+ Kh8 23. Rge1 Qd8 24. gxf6 Qxf6 25. Rxe5 Bxh6 26. Bxh6 dxe5 27. Bg5 Qg7 28. Qh4 Rf8 29. Rh1 Rf3 30. Bg4 Rf7 31. Be6 Rf3 32. Be3 Re8 33. Qe4 Rf6 34. Bh6 Qe7 35. Qxe5 1-0

[Event "Titled Tuesday intern op 25th Apr Early"]
[Site "Chess.com INT"]
[Date "2023.04.25"]
[Round "5"]
[White "Sielecki, Christof"]
[Black "Mekhitarian, Krikor Sevag"]
[Result "1/2-1/2"]
[WhiteElo "2419"]
[BlackElo "2537"]
[PlyCount "109"]
[EventDate "2023.04.25"]
[EventType "swiss (blitz)"]
[EventRounds "11"]
[EventCountry "USA"]
[SourceTitle "EXT 2024"]
[Source "ChessBase"]
[SourceDate "2023.10.10"]
[SourceVersion "1"]
[SourceVersionDate "2023.10.10"]
[SourceQuality "1"]

1. e4 c5 2. Nf3 e6 3. c3 Nf6 4. e5 Nd5 5. g3 d6 6. exd6 Nc6 7. Bg2 Bxd6 8. 0-0 0-0 9. d4 cxd4 10. Nxd4 Nxd4 11. Qxd4 Qc7 12. c4 Be5 13. Qe4 Ne7 14. Nc3 Bxc3 15. bxc3 Nc6 16. Ba3 Rd8 17. Rfd1 Rxd1+ 18. Rxd1 Bd7 19. Qd3 Be8 20. Qd6 Qxd6 21. Bxd6 Rc8 22. Bc5 b6 23. Bxc6 Bxc6 24. Be7 f6 25. Rd8+ Rxd8 26. Bxd8 Kf7 27. Bc7 e5 28. Bb8 a6 29. Ba7 b5 30. cxb5 axb5 31. f4 exf4 32. gxf4 Ke6 33. Kf2 Kf5 34. Kg3 Bd5 35. a3 Bc4 36. Bc5 h5 37. Bf8 g6 38. Bc5 h4+ 39. Kf3 Bd5+ 40. Ke3 Bc6 41. Be7 h3 42. Bd8 Bd5 43. Be7 Bc6 44. Bd8 g5 45. fxg5 fxg5 46. Bc7 g4 47. Kd4 Bf3 48. Kc5 Be2 49. Kb4 Ke6 50. a4 bxa4 51. Kxa4 Kd5 52. Kb4 Bc4 53. Bg3 Bd3 54. c4+ Bxc4 55. Kc3 1/2-1/2

[Event "Titled Tuesday intern op 25th Apr Early"]
[Site "Chess.com INT"]
[Date "2023.04.25"]
[Round "9"]
[White "Sielecki, Christof"]
[Black "Santos Flores, Alberto Javier"]
[Result "0-1"]
[WhiteElo "2419"]
[BlackElo "2164"]
[PlyCount "80"]
[EventDate "2023.04.25"]
[EventType "swiss (blitz)"]
[EventRounds "11"]
[EventCountry "USA"]
[SourceTitle "EXT 2024"]
[Source "ChessBase"]
[SourceDate "2023.10.10"]
[SourceVersion "1"]
[SourceVersionDate "2023.10.10"]
[SourceQuality "1"]

1. e4 c5 2. Nf3 Nc6 3. Bb5 g6 4. 0-0 Bg7 5. Re1 Nf6 6. c3 0-0 7. d4 cxd4 8. cxd4 d5 9. e5 Ne4 10. Be3 Bg4 11. h3 Bxf3 12. gxf3 Qd7 13. fxe4 Qxh3 14. exd5 Nxe5 15. dxe5 Bxe5 16. f4 Qg3+ 17. Kf1 Bxb2 18. Nd2 Bxa1 19. Qxa1 Rac8 20. Bd3 Rfd8 21. Be4 f5 22. Bf3 Rc2 23. Qe5 Rxd2 24. Bxd2 Qxf3+ 25. Kg1 Qxd5 26. Bc3 Qxe5 27. Bxe5 Kf7 28. Rc1 Rd2 29. a4 g5 30. fxg5 Rd5 31. Bb8 Ra5 32. Rc7 Rxa4 33. Rxb7 a5 34. Bd6 Re4 35. Bc5 a4 36. Kf2 Kg6 37. Bxe7 a3 38. Bxa3 Kxg5 39. Bc1+ Kg6 40. Rb6+ Kf7 0-1

[Event "Titled Tuesday intern op 04th Apr Early"]
[Site "Chess.com INT"]
[Date "2023.04.04"]
[Round "7"]
[White "Sielecki, Christof"]
[Black "Bowden, Karl"]
[Result "1-0"]
[WhiteElo "2419"]
[BlackElo "2348"]
[PlyCount "89"]
[EventDate "2023.04.04"]
[EventType "swiss (blitz)"]
[EventRounds "11"]
[EventCountry "USA"]
[SourceTitle "EXT 2024"]
[Source "ChessBase"]
[SourceDate "2023.10.10"]
[SourceVersion "1"]
[SourceVersionDate "2023.10.10"]
[SourceQuality "1"]

1. e4 e5 2. Nf3 d5 3. exd5 e4 4. Qe2 Nf6 5. d3 Bb4+ 6. c3 0-0 7. dxe4 Be7 8. Nbd2 Re8 9. Qc4 Bf8 10. Be2 b5 11. Qd4 c5 12. dxc6 Qc7 13. Bxb5 a6 14. Ba4 Nxc6 15. Qc4 Bd7 16. 0-0 Rac8 17. e5 Nxe5 18. Qxc7 Nxf3+ 19. Nxf3 Rxc7 20. Bxd7 Rxd7 21. Be3 Ng4 22. Bd4 Re2 23. b3 f6 24. Rfe1 Rde7 25. Kf1 Rxe1+ 26. Rxe1 Rb7 27. h3 Nh6 28. g4 Nf7 29. Nd2 Nd6 30. a4 Kf7 31. b4 Rc7 32. Bc5 Nb7 33. Bxf8 Kxf8 34. Re3 a5 35. Ke2 Kf7 36. Kd3 Rd7+ 37. Kc2 Rc7 38. Kb3 Rd7 39. Nc4 axb4 40. cxb4 Rd1 41. Re2 Rd3+ 42. Kc2 Rxh3 43. a5 Nd8 44. b5 Rh1 45. Kb3 1-0

[Event "Titled Tuesday intern op 04th Apr Early"]
[Site "Chess.com INT"]
[Date "2023.04.04"]
[Round "4"]
[White "Sielecki, Christof"]
[Black "Corrales Jimenez, Fidel"]
[Result "0-1"]
[WhiteElo "2419"]
[BlackElo "2489"]
[PlyCount "70"]
[EventDate "2023.04.04"]
[EventType "swiss (blitz)"]
[EventRounds "11"]
[EventCountry "USA"]
[SourceTitle "EXT 2024"]
[Source "ChessBase"]
[SourceDate "2023.10.10"]
[SourceVersion "1"]
[SourceVersionDate "2023.10.10"]
[SourceQuality "1"]

1. e4 d5 2. exd5 Qxd5 3. Nc3 Qa5 4. d4 c6 5. Nf3 Nf6 6. Bc4 Bf5 7. Ne5 e6 8. g4 Be4 9. 0-0 Bd5 10. g5 Bxc4 11. Nxc4 Qa6 12. Qe2 Nd5 13. Ne4 Nd7 14. Re1 N7b6 15. Ncd6+ Bxd6 16. Nxd6+ Ke7 17. Qe5 g6 18. Nxf7 Rhe8 19. Qg7 Kd7 20. Ne5+ Kc8 21. c4 Re7 22. Qf8+ Kc7 23. Qf3 Nxc4 24. Bf4 Nxe5 25. Bxe5+ Kd7 26. Bf6 Ree8 27. Re2 b6 28. Rae1 Rac8 29. Qg4 Kc7 30. Rxe6 Rxe6 31. Qxe6 Kb7 32. Be5 Ka8 33. Rc1 Qb7 34. a3 b5 35. Qd6 a6 0-1

[Event "Titled Tuesday intern op 04th Apr Early"]
[Site "Chess.com INT"]
[Date "2023.04.04"]
[Round "10"]
[White "Sielecki, Christof"]
[Black "Remizov, Yaroslav"]
[Result "0-1"]
[WhiteElo "2419"]
[BlackElo "2404"]
[PlyCount "48"]
[EventDate "2023.04.04"]
[EventType "swiss (blitz)"]
[EventRounds "11"]
[EventCountry "USA"]
[SourceTitle "EXT 2024"]
[Source "ChessBase"]
[SourceDate "2023.10.10"]
[SourceVersion "1"]
[SourceVersionDate "2023.10.10"]
[SourceQuality "1"]

1. e4 c6 2. d4 d5 3. exd5 cxd5 4. Bd3 Nc6 5. c3 Nf6 6. h3 g6 7. Nf3 Bf5 8. 0-0 Bxd3 9. Qxd3 e6 10. Bg5 Be7 11. Nbd2 h6 12. Bxf6 Bxf6 13. Rfe1 Kf8 14. Re2 Kg7 15. Rae1 Qc7 16. Nb3 Rhe8 17. Qd2 b6 18. Nc1 Na5 19. Nd3 Nc4 20. Qc1 Rac8 21. g3 Nd6 22. Kg2 Ne4 23. Nd2 Qb7 24. h4 Bxd4 0-1